Sports Quiz

Random Sports Quiz

Teams that David Moyes has managed Quiz Stats

Quiz not verified by Sporcle

Also try: Ryder Cup (EUR)
Challenge
Share
Tweet
Embed
Score 0/6 Timer 02:00
0 Plays Today
Years Team % Correct
2013-2014Manchester United
97.1%
2002-2013Everton
94.1%
2016-2017Sunderland
88.2%
2014-2015Real Sociedad
73.5%
1998-2002Preston North End
64.7%
2017-
0%

You're not logged in!

Compare scores with friends on all Sporcle quizzes.
Join for Free
OR
Log In

You Might Also Like...

Show Comments

Extras

Created May 7, 2017ReportNominate
Tags:david, team

Top Quizzes Today


Score Distribution

Your Account Isn't Verified!

In order to create a playlist on Sporcle, you need to verify the email address you used during registration. Go to your Sporcle Settings to finish the process.

Report this User

Report this user for behavior that violates our Community Guidelines.

Details: